Lana Del Rey - Salvatore Lyrics - Statistics

General Stats
  • This quiz has been taken 202 times
  • The average score is 196 of 272
Answer Stats
Answer % Correct
I
99%
a
96%
the
94%
The
94%
to
93%
Salvatore
92%
so
91%
cream
90%
ice
90%
my
90%
Soft
90%
soft
90%
it
88%
you
88%
in
87%
All
86%
all
86%
Ah
84%
ah
84%
blue
84%
time
84%
can
83%
me?
81%
me
81%
amore
80%
it's
80%
Ciao
79%
lights
79%
and
78%
summer
78%
eat
77%
Now
77%
On
77%
on
77%
wait
77%
begin
76%
Like
76%
for
75%
Miami
75%
green
74%
too
74%
by
72%
tan
71%
neon
70%
working
70%
rain
69%
from
68%
La
68%
la
68%
above
67%
of
67%
Catch
66%
if
66%
ocean's
66%
see
66%
better
65%
Everything
65%
looks
65%
aquamarine
63%
da
63%
gleam
63%
Limousines
63%
man
63%
Cacciatore
62%
Dying
62%
king
62%
hand
61%
are
59%
your
59%
foreign
58%
Ruby
58%
can't
57%
I've
57%
seems
56%
you're
56%
Calling
55%
downtown
55%
name
54%
waiting
54%
been
53%
summer's
53%
this
53%
out
52%
sparkling
51%
happily
50%
meant
47%
Beatboxing
46%
was
46%
blues
45%
adore
44%
rapping
44%
shady
44%
not
43%
boss
42%
hot
42%
jazz
42%
scenes
42%
tangerine
42%
wild
42%
but
40%
sang
40%
cold
35%
without
34%
dreams
33%
wrong
31%
Medellín
19%
doubt
16%
No matching quizzes found
Score Distribution
Percent of People with Each Score
Percentile by Number Answered
Your Score History
You have not taken this quiz